000 00612cam a22002171a 4500
001 sa 68010621
003 DLC
005 20260227112553.0
008 890217s1967 io 000 0 ind
010 _asa 68010621
035 _a(OCoLC)19233861
040 _aDLC
_cAzTeS
_dMiU
_dDLC
042 _apremarc
043 _aa-io---
050 0 0 _aDS644
_b.A6927
100 1 _aAmin, S. M.,
_d1906-
245 1 0 _aIndonesia dibawah rezim "demokrasi terpimpin" /
_cS.M. Amin.
260 _aDjakarta ;
_bBulan Bintang,
_c1967.
300 _a282 p. ;
_c21 cm.
651 0 _aIndonesia
_xPolitics and government
_y1950-1966.
999 _c83454
_d83454